00761nam a2200217 i 4500001000300000245011000003260006900113300002800182650002500210650002400235655003000259700003300289015001800322020001800340040000800358041000800366044000800374080002200382008004100404856009800445bg00aWybrane problemy polityki społeczno-gospodarczej :bpraca zbiorowa /cpod red. Stanisława Jankowskiego. aWarszawa :bOficyna Wydawnicza Politechniki Warszawskiej,c2007. a251 s. :bil. ;c23 cm. 9aGospodarkaxpolityka 9aPolityka społeczna aPodręczniki akademickie1 aJankowski, Stanisław.eRed. aPB 19224/2007 a9788372076717 cBPK apol aPOL a338.2:304](075.8)070808s2007 pl a |000 0 pol  uhttp://koha.tu.koszalin.pl/cgi-bin/koha/opac-detail.pl?biblionumber=54997yKatalog online BPK